Every Fat Joe Song on the Billboard Hot 100 - Statistics

General Stats
  • This quiz has been taken 9 times
    7 since last reset
  • The average score is 6 of 20
Answer Stats
# Year Song % Correct
27 2016 All The Way Up (Remy Ma & Jay-Z) ft. French Montana & Infared
86%
2 2002 What's Luv? ft. Ashanti
86%
28 2007 We Takin' Over (DJ Khaled) ft. T.I., Akon, Rick Ross, Lil Wayne & Birdman
57%
9 2005 Get It Poppin' ft. Nelly
43%
13 2007 Make It Rain ft. Lil Wayne
43%
86 2003 All I Need ft. Tony Sunshine & Armageddon
29%
80 2012 Another Round ft. Chris Brown
29%
51 2000 Feelin' So Good (Jennifer Lopez) ft. Big Punisher
29%
89 1993 Flow Joe
29%
64 2005 Hold You Down (Jennifer Lopez)
29%
59 2006 Holla At Me (DJ Khaled) ft. Lil Wayne, Paul Wall, Rick Ross & Pitbull
29%
37 2008 I Won't Tell ft. J.Holiday
29%
97 2019 Lord Above (Dr. Dre) ft. Eminem & Mary J. Blige
29%
77 2002 Crush Tonight ft. Ginuwine
14%
76 1996 Envy/Firewater
14%
65 2005 I Don't Care (Ricky Martin) ft. Amerie
14%
22 2003 I Want You (Thalia)
14%
27 2005 New York (Ja Rule) ft. Jadakiss
14%
81 2005 So Much More
14%
15 2002 We Thuggin' ft. R. Kelly
14%
No matching quizzes found
Score Distribution
Percent of People with Each Score
Percentile by Number Answered
Your Score History
You have not taken this quiz since the last reset